|
|
|
|
| LEADER |
01882nas a2200481 a 4500 |
| 001 |
c000158526 |
| 003 |
CARM |
| 005 |
20030128120849.0 |
| 008 |
811022d19801991it trzp 0 b0eng d |
| 010 |
|
|
|a sc 82007167
|
| 010 |
|
|
|z sn 82020761
|
| 019 |
1 |
|
|a 2099886
|5 LACONCORD2021
|
| 022 |
0 |
|
|a 0391-9706
|
| 030 |
|
|
|a AMEXD8
|
| 035 |
|
|
|a (OCoLC)7302987
|5 LACONCORD2021
|
| 040 |
|
|
|a LC
|b eng
|c LC
|d LC
|
| 042 |
|
|
|a lc
|a nsdp
|
| 050 |
|
4 |
|a QL961
|b .A27
|
| 060 |
|
0 |
|a W1 AC795ED
|
| 130 |
0 |
|
|a Acta embryologiae et morphologiae experimentalis (Halocynthia Association)
|
| 210 |
0 |
|
|a Acta embryol. morphol. exp.
|b (1980)
|
| 222 |
|
0 |
|a Acta embryologiae et morphologiae experimentalis
|b (1980)
|
| 245 |
0 |
0 |
|a Acta embryologiae et morphologiae experimentalis.
|
| 260 |
|
|
|a [Palermo] :
|b Halocynthia Association,
|c 1980-1991.
|
| 300 |
|
|
|a 12 v. :
|b ill. ;
|c 25 cm.
|
| 310 |
|
|
|a Three no. a year
|
| 362 |
0 |
|
|a Vol. 1, no. 1 (Apr. 1980)-v. 12, n. 3.
|
| 510 |
2 |
|
|a Chemical abstracts
|x 0009-2258
|b 1980-1987
|
| 510 |
2 |
|
|a Excerpta medica
|
| 510 |
2 |
|
|a Life sciences collection
|
| 580 |
|
|
|a Called new series in 1980, in continuation of: Acta embryologiae experimentalis.
|
| 650 |
|
0 |
|a Embryology
|x Periodicals.
|
| 650 |
|
0 |
|a Histology
|x Periodicals.
|
| 650 |
|
2 |
|a Embryology
|x Periodicals.
|
| 650 |
|
2 |
|a Histology
|x Periodicals.
|
| 710 |
2 |
|
|a "Halocynthia" Association.
|
| 780 |
1 |
0 |
|t Acta embryologiae experimentalis
|x 0065-1184
|w (DLC)sn 81006069
|w (OCoLC)3281268
|
| 785 |
0 |
0 |
|t Animal biology
|x 1121-1431
|w (DLC)sn 92034777
|w (OCoLC)26558887
|
| 852 |
8 |
|
|b CARM
|h A2:AN11F0
|i C05933
|p 0221772
|f SE
|
| 866 |
|
0 |
|a 1:1(1980:04)-8(1987)
|
| 866 |
|
0 |
|a 1:1(1980:04)-8(1987)
|
| 999 |
f |
f |
|i 3025c458-1989-5ec8-8610-7291df8563d2
|s f5f506b4-aba0-5640-8c77-16fb2d417135
|
| 952 |
f |
f |
|p Can circulate
|a CAVAL
|b CAVAL
|c CAVAL
|d CARM 1 Store
|e C05933
|f A2:AN11F0
|h Other scheme
|i book
|k 1:1(1980:04)-8(1987)
|m 0221772
|